101 Farm Animal Tales (Record no. 2612)

MARC details
000 -LEADER
fixed length control field 00215nam a22000857a 4500
008 - FIXED-LENGTH DATA ELEMENTS--GENERAL INFORMATION
fixed length control field 160719b xxu||||| |||| 00| 0 eng d
100 ## - MAIN ENTRY--PERSONAL NAME
9 (RLIN) 3049
Personal name Kidz Om
245 ## - TITLE STATEMENT
Title 101 Farm Animal Tales
260 ## - PUBLICATION, DISTRIBUTION, ETC. (IMPRINT)
Place of publication, distribution, etc. New Delhi
Name of publisher, distributor, etc. Om Kidz
Date of publication, distribution, etc. 2012
Holdings
Withdrawn status Lost status Source of classification or shelving scheme Damaged status Not for loan Home library Current library Shelving location Date acquired Total Checkouts Full call number Barcode Date last seen Date last checked out Price effective from Koha item type
    Dewey Decimal Classification     Good Samaritan School Library Good Samaritan School Library FICTION 07/19/2016 6 823 KID11872 12/16/2022 12/07/2022 07/19/2016 BOOK

Powered by Koha